| 000 | 01210nam a2200205 4500 | ||
|---|---|---|---|
| 001 | 6101 | ||
| 010 | _a9789895553105 | ||
| 021 | _b264802/07 | ||
| 090 | _a6101 | ||
| 100 | _a20080901d2007 e y0pory5003 ba | ||
| 200 | 1 |
_aQuero ser escritor _emanual de escrita criativa para todas as idades _fMargarida Fonseca Santos, Elsa Serra |
|
| 210 |
_aCruz Quebrada _cOficina do Livro _d2007 |
||
| 215 |
_a209 p. _cil. |
||
| 330 | _aGostas de Desafios? Este livro é para ti! Se acreditas nas palavras e no poder da imaginação, este livro é mesmo para ti! Quero ser Escritor apresenta-te uma forma diferente de olhar para a escrita. Através de vários exercícios, vais descobrir a tua enorme capacidade para criar histórias, escrever diálogos, jogar com as palavras e desafiar muitas regras! Vais também aprender a olhar para os textos de forma diferente. Diverte-te a conhecer o mundo da escrita! Quero ser Escritor é aconselhado a crianças e jovens, pais e professores, e a todos os que veem na escrita uma componente essencial da educação | ||
| 675 |
_a808.1 _vPT _zpor |
||
| 700 | 1 |
_aSantos _bMargarida Fonseca |
|
| 701 | 1 |
_aSerra _bElsa |
|
| 801 | 0 |
_aPT _bBMVN _gRPC |
|
| 830 |
_cCéu Baptista _d31/12/2021 |
||
| 990 | _cLIVROS | ||